[Event "Sachsen-Anhalt Verbandsliga 1920"]
[Site "Sachsen Anhalt"]
[Date "2020.09.20"]
[Round "7.3"]
[White "Packroff, Hermann"]
[Black "Hoffmann, Dustin"]
[Result "1-0"]
[WhiteElo "1938"]
[BlackElo "1844"]
[PlyCount "73"]
[EventDate "2019.09.29"]
[EventType "team-tourn"]
[EventRounds "9"]
[EventCountry "GER"]
[SourceTitle "EXT 2023"]
[Source "ChessBase"]
[SourceDate "2022.10.05"]
[SourceVersion "1"]
[SourceVersionDate "2022.10.05"]
[SourceQuality "1"]
[WhiteTeam "Naumburg"]
[BlackTeam "Merseburg"]
[WhiteTeamCountry "GER"]
[BlackTeamCountry "GER"]

1. e4 c5 2. Nf3 Nc6 3. d4 cxd4 4. Nxd4 Nf6 5. Nc3 e6 6. Nxc6 bxc6 7. Bd3 Qc7 8. 0-0 Be7 9. Qe2 d5 10. e5 Nd7 11. f4 Nc5 12. Be3 Nxd3 13. cxd3 Ba6 14. Rfd1 c5 15. Bf2 c4 16. d4 Rb8 17. f5 Qd7 18. Qg4 g6 19. fxg6 hxg6 20. Rab1 Rb6 21. Be3 Qb7 22. Bg5 Bxg5 23. Qxg5 Rxb2 24. h4 Rh5 25. Qf6 Rf5 26. Qh8+ Ke7 27. Rf1 Qb4 28. Rbc1 Qb6 29. Rcd1 Qa5 30. Rxf5 exf5 31. Qf6+ Ke8 32. e6 fxe6 33. Qxe6+ Kd8 34. Nxd5 c3 35. Re1 Re2 36. Qd6+ Kc8 37. Ne7+ 1-0

[Event "Sachsen-Anhalt Verbandsliga 1920"]
[Site "Sachsen Anhalt"]
[Date "2019.10.20"]
[Round "2.1"]
[White "Hoffmann, Dustin"]
[Black "Philipp, Hans Joachim"]
[Result "1/2-1/2"]
[WhiteElo "1844"]
[BlackElo "1862"]
[PlyCount "62"]
[EventDate "2019.09.29"]
[EventType "team-tourn"]
[EventRounds "9"]
[EventCountry "GER"]
[SourceTitle "EXT 2023"]
[Source "ChessBase"]
[SourceDate "2022.10.05"]
[SourceVersion "1"]
[SourceVersionDate "2022.10.05"]
[SourceQuality "1"]
[WhiteTeam "Merseburg"]
[BlackTeam "Coethen Germania"]
[WhiteTeamCountry "GER"]
[BlackTeamCountry "GER"]

1. e4 e6 2. d4 d5 3. exd5 exd5 4. Bd3 Bd6 5. Nf3 Nf6 6. 0-0 0-0 7. Bg5 Bg4 8. Nbd2 h6 9. Bh4 g5 10. Bg3 Nc6 11. c3 Re8 12. Re1 Bxg3 13. hxg3 Qd6 14. Qc2 Rxe1+ 15. Rxe1 Re8 16. Rxe8+ Nxe8 17. Nf1 Bxf3 18. gxf3 Ng7 19. Ne3 Ne7 20. Qa4 a6 21. Qb3 b5 22. a4 c6 23. Qa2 f5 24. Kg2 h5 25. axb5 axb5 26. Qa6 Qe6 27. Qb7 Qd6 28. Qb6 f4 29. Nf1 Ngf5 30. b3 Kg7 31. Qa7 Kf6 1/2-1/2

[Event "Sachsen-Anhalt Verbandsliga 18/19"]
[Site "Sachsen Anhalt"]
[Date "2019.02.24"]
[Round "6.3"]
[White "Hoffmann, Dustin"]
[Black "Post, Hugo"]
[Result "0-1"]
[WhiteElo "1945"]
[BlackElo "2104"]
[PlyCount "46"]
[EventDate "2018.10.21"]
[EventType "team-tourn"]
[EventRounds "9"]
[EventCountry "GER"]
[SourceTitle "EXT 2022"]
[Source "ChessBase"]
[SourceDate "2021.10.06"]
[SourceVersion "1"]
[SourceVersionDate "2021.10.06"]
[SourceQuality "1"]
[WhiteTeam "Merseburg"]
[BlackTeam "Reideburg 90 Halle"]
[WhiteTeamCountry "GER"]
[BlackTeamCountry "GER"]

1. e4 c5 2. Nf3 d6 3. Bc4 Nc6 4. Nc3 Nf6 5. d4 cxd4 6. Nxd4 g6 7. Be3 Ng4 8. Nxc6 bxc6 9. Bxa7 Rxa7 10. Qd4 Qa5 11. Qxh8 Qc5 12. Bxf7+ Kxf7 13. 0-0-0 Nf6 14. f4 Be6 15. e5 dxe5 16. fxe5 Ra8 17. Kb1 Qa5 18. a3 Bg7 19. Qxa8 Qxa8 20. exf6 exf6 21. Ne4 Bd5 22. Nc5 Qa7 23. b4 Qxa3 0-1

[Event "Sachsen-Anhalt Verbandsliga 2017/18"]
[Site "Sachsen Anhalt"]
[Date "2017.12.10"]
[Round "3.4"]
[White "Hoffmann, Dustin"]
[Black "Holze, Bernd"]
[Result "1-0"]
[WhiteElo "1945"]
[BlackElo "1930"]
[PlyCount "93"]
[EventDate "2017.12.22"]
[EventType "team-tourn"]
[EventRounds "9"]
[EventCountry "GER"]
[SourceTitle "EXT 2020"]
[Source "ChessBase"]
[SourceDate "2019.10.17"]
[SourceVersion "1"]
[SourceVersionDate "2019.10.17"]
[SourceQuality "1"]
[WhiteTeam "Merseburg"]
[BlackTeam "Magdeburg Rochade II"]
[WhiteTeamCountry "GER"]
[BlackTeamCountry "GER"]

1. e4 c5 2. Nf3 Nc6 3. d4 cxd4 4. Nxd4 g6 5. c4 Bg7 6. Be3 Nf6 7. Nc3 Ng4 8. Qxg4 Nxd4 9. 0-0-0 Nc6 10. f4 d5 11. Qf3 d4 12. e5 Be6 13. Nb5 Qc8 14. Nxd4 Bg4 15. Qe4 Bxd1 16. Kxd1 Nxd4 17. Bxd4 0-0 18. Kc2 Rd8 19. Bd3 Qd7 20. Bc3 e6 21. h4 Rac8 22. b3 Qc6 23. Qe2 Bh6 24. Rf1 b5 25. g4 Rxd3 26. Qxd3 bxc4 27. Qf3 cxb3+ 28. axb3 Qc7 29. Kb2 Bf8 30. f5 exf5 31. gxf5 Ba3+ 32. Kxa3 Qxc3 33. Qxc3 Rxc3 34. f6 Kf8 35. Re1 Ke8 36. e6 fxe6 37. Rxe6+ Kf7 38. Ra6 h5 39. Rxa7+ Kxf6 40. Ra4 Rh3 41. Rc4 Rg3 42. Kb4 Rg4 43. Kc5 Ke6 44. Rxg4 hxg4 45. Kd4 Kf5 46. Ke3 g5 47. h5 1-0

[Event "Sachsen-Anhalt Verbandsliga 2017/18"]
[Site "Sachsen Anhalt"]
[Date "2017.11.12"]
[Round "2.4"]
[White "Schaefer, Reyk"]
[Black "Hoffmann, Dustin"]
[Result "1-0"]
[WhiteElo "2162"]
[BlackElo "1945"]
[PlyCount "67"]
[EventDate "2017.12.22"]
[EventType "team-tourn"]
[EventRounds "9"]
[EventCountry "GER"]
[SourceTitle "EXT 2020"]
[Source "ChessBase"]
[SourceDate "2019.10.17"]
[SourceVersion "1"]
[SourceVersionDate "2019.10.17"]
[SourceQuality "1"]
[WhiteTeam "Loeberitz II"]
[BlackTeam "Merseburg"]
[WhiteTeamCountry "GER"]
[BlackTeamCountry "GER"]

1. d4 d5 2. c4 e6 3. Nf3 Nf6 4. g3 c6 5. Bg2 Nbd7 6. 0-0 Be7 7. Qc2 0-0 8. Nbd2 b6 9. Rd1 Bb7 10. e4 dxe4 11. Nxe4 Nxe4 12. Qxe4 Nf6 13. Qc2 Qc7 14. Bf4 Bd6 15. Bxd6 Qxd6 16. c5 Qe7 17. b4 Rfd8 18. a3 Nd5 19. Ne5 b5 20. Rab1 a5 21. a4 f6 22. Nd3 axb4 23. axb5 cxb5 24. Nxb4 Nxb4 25. Rxb4 Bxg2 26. Kxg2 Qd7 27. Qe4 Qd5 28. Re1 Ra4 29. Qxd5 Rxd5 30. Rxb5 Raxd4 31. Rxe6 Rc4 32. Re7 Rdxc5 33. Rbb7 g5 34. Re8# 1-0

[Event "Sachsen-Anhalt Verbandsliga 2017/18"]
[Site "Sachsen Anhalt"]
[Date "2017.10.22"]
[Round "1.4"]
[White "Hoffmann, Dustin"]
[Black "Reichert, Thomas"]
[Result "1/2-1/2"]
[WhiteElo "1945"]
[BlackElo "1908"]
[PlyCount "109"]
[EventDate "2017.12.22"]
[EventType "team-tourn"]
[EventRounds "9"]
[EventCountry "GER"]
[SourceTitle "EXT 2020"]
[Source "ChessBase"]
[SourceDate "2019.10.17"]
[SourceVersion "1"]
[SourceVersionDate "2019.10.17"]
[SourceQuality "1"]
[WhiteTeam "Merseburg"]
[BlackTeam "Magdeburg USC"]
[WhiteTeamCountry "GER"]
[BlackTeamCountry "GER"]

1. e4 Nf6 2. e5 Nd5 3. d4 d6 4. exd6 exd6 5. c4 Nb6 6. Nf3 Be7 7. Bd3 Bg4 8. Nbd2 0-0 9. 0-0 Nc6 10. Qc2 h6 11. a3 Bf6 12. d5 Bxf3 13. Nxf3 Ne5 14. Nxe5 Bxe5 15. Be3 Re8 16. Rfe1 Qh4 17. h3 Qf6 18. Re2 Kf8 19. Rae1 Bd4 20. Bxd4 Qxd4 21. Re4 Rxe4 22. Rxe4 Qf6 23. b4 Re8 24. Rxe8+ Kxe8 25. Kh2 Qe5+ 26. g3 Ke7 27. Kg2 Nd7 28. Qe2 Qxe2 29. Bxe2 f5 30. f4 Kf6 31. Kf3 Nb6 32. Ke3 g6 33. Kd4 Nc8 34. c5 g5 35. a4 gxf4 36. gxf4 Ne7 37. Bh5 Ng8 38. a5 Kg7 39. Be2 Nf6 40. b5 Ne4 41. cxd6 cxd6 42. Bd3 Ng3 43. b6 axb6 44. axb6 Kf7 45. Ba6 Ke7 46. Bxb7 Kd8 47. Ba6 Nh5 48. Ke3 Nf6 49. Kd4 Nd7 50. b7 Kc7 51. Bd3 Kxb7 52. Bxf5 Nf6 53. Be6 Kc7 54. Bg4 Kd8 55. Kc4 1/2-1/2

[Event "Oberliga Ost-B 1415"]
[Site "Germany"]
[Date "2014.10.18"]
[Round "2.8"]
[White "Bagatsch, Thomas"]
[Black "Hoffmann, Dustin"]
[Result "1-0"]
[WhiteElo "2119"]
[BlackElo "1896"]
[PlyCount "99"]
[EventDate "2014.09.21"]
[EventType "team-tourn"]
[EventRounds "11"]
[EventCountry "GER"]
[SourceTitle "EXT 2016"]
[Source "ChessBase"]
[SourceDate "2015.10.08"]
[SourceVersion "1"]
[SourceVersionDate "2015.10.08"]
[SourceQuality "1"]
[WhiteTeam "Frankfurt BvK"]
[BlackTeam "Merseburg"]
[WhiteTeamCountry "GER"]
[BlackTeamCountry "GER"]

1. e4 c5 2. Nf3 d6 3. Bb5+ Bd7 4. Bxd7+ Nxd7 5. 0-0 g6 6. c3 Bg7 7. d4 Ngf6 8. e5 dxe5 9. dxe5 Ng8 10. e6 fxe6 11. Ng5 Qb6 12. Re1 e5 13. Qd5 Nh6 14. Ne6 Nf5 15. Rd1 Nf8 16. Nxc5 Qd6 17. Nxb7 Qxd5 18. Rxd5 Ne6 19. Nd2 Rb8 20. Rb5 0-0 21. Rb3 Nf4 22. Ne4 Nd3 23. c4 Nxc1 24. Rxc1 Nd4 25. Rcc3 Nxb3 26. Rxb3 Rfc8 27. c5 Rc7 28. Na5 Rxb3 29. Nxb3 Bh6 30. Kf1 Kf7 31. Ke2 Ke6 32. Kd3 Rc8 33. Kc4 Kd7 34. Na5 e6 35. b4 a6 36. c6+ Kc7 37. Nc5 Kb6 38. Nxe6 Bd2 39. a3 Bc1 40. a4 Bd2 41. Nc5 Re8 42. f3 Be3 43. Kd5 Bxc5 44. Nc4+ Kc7 45. Kxc5 e4 46. fxe4 Rxe4 47. b5 axb5 48. axb5 Rf4 49. b6+ Kb8 50. c7+ 1-0

[Event "GER-chT North U16"]
[Site "Greifswald"]
[Date "2013.09.12"]
[Round "1.2"]
[White "Frost, Jakob"]
[Black "Hoffmann, Dustin"]
[Result "0-1"]
[WhiteElo "1372"]
[BlackElo "1754"]
[PlyCount "120"]
[EventDate "2013.09.12"]
[EventType "team-swiss"]
[EventRounds "7"]
[EventCountry "GER"]
[SourceTitle "EXT 2014"]
[Source "ChessBase"]
[SourceDate "2013.11.20"]
[SourceVersion "1"]
[SourceVersionDate "2013.11.20"]
[SourceQuality "1"]
[WhiteTeam "Schwerin"]
[BlackTeam "Merseburg"]
[WhiteTeamCountry "GER"]
[BlackTeamCountry "GER"]

1. e4 c5 2. Nf3 Nc6 3. Nc3 d6 4. Bc4 a6 5. d3 b5 6. Bd5 Bd7 7. a3 Nf6 8. Bg5 e6 9. Bb3 Be7 10. Qd2 h6 11. Bf4 Bc8 12. h3 d5 13. exd5 exd5 14. 0-0 Be6 15. Ne2 c4 16. Ba2 Qd7 17. Ned4 Rd8 18. Ne5 Nxe5 19. Bxe5 0-0 20. f4 Bf5 21. Rae1 Bh7 22. Kh1 Nh5 23. f5 Bf6 24. Rf3 Rfe8 25. Bxf6 Nxf6 26. b3 Rxe1+ 27. Qxe1 Re8 28. Qf2 Qe7 29. bxc4 Qxa3 30. Bb3 dxc4 31. dxc4 Qa1+ 32. Kh2 Ne4 33. Qg1 Qxg1+ 34. Kxg1 Nd2 35. Rc3 Nxb3 36. cxb3 Rc8 37. Kf2 Rc5 38. g4 g6 39. f6 g5 40. Ke3 Re5+ 41. Kf2 bxc4 42. Rxc4 Bd3 43. Rc6 Kh7 44. b4 Kg6 45. Rd6 Re4 46. Kg3 Re3+ 47. Kg2 Bc4 48. Nf5 Re6 49. Kf3 Rxd6 50. Nxd6 Bd5+ 51. Kf2 Kxf6 52. Nf5 Be6 53. Nxh6 Kg7 54. Nf5+ Bxf5 55. gxf5 Kf6 56. Ke3 Kxf5 57. Kd4 g4 58. hxg4+ Kxg4 59. Kc5 f5 60. Kb6 f4 0-1

[Event "GER-chA U25"]
[Site "Oberhof"]
[Date "2011.06.15"]
[Round "6"]
[White "Holle, Eric"]
[Black "Hoffmann, Dustin"]
[Result "1-0"]
[WhiteElo "1685"]
[BlackElo "1728"]
[PlyCount "79"]
[EventDate "2011.06.11"]
[EventType "swiss"]
[EventRounds "9"]
[EventCountry "GER"]
[SourceTitle "CBM 142 Extra"]
[Source "ChessBase"]
[SourceDate "2011.06.27"]
[SourceVersion "1"]
[SourceVersionDate "2011.06.27"]
[SourceQuality "1"]

1. e4 c5 2. Nf3 Nc6 3. d4 cxd4 4. Nxd4 Nf6 5. Nc3 e5 6. Ndb5 d6 7. Nd5 Nxd5 8. exd5 Nb8 9. Qf3 Be7 10. Qc3 Na6 11. f4 0-0 12. Be2 Bh4+ 13. g3 Bf6 14. Qa3 Be7 15. 0-0 Nc7 16. Nc3 b5 17. Be3 a6 18. Bb6 Bh3 19. Rfd1 Qd7 20. Bf3 exf4 21. gxf4 Bg4 22. Ne4 Bxf3 23. Qxf3 f5 24. Nd2 Rf6 25. Nb3 Rg6+ 26. Kh1 Ne8 27. Nd4 Rb8 28. Ba5 Nf6 29. Re1 Rh6 30. Re6 Ng4 31. Nxf5 Rxh2+ 32. Kg1 Qa7+ 33. Ne3 h5 34. Qe4 Re8 35. Bc3 Nxe3 36. Bd4 Qc7 37. Kxh2 Ng4+ 38. Kg1 h4 39. Re1 Kf7 40. Qg6+ 1-0

[Event "GER-chA U25"]
[Site "Oberhof"]
[Date "2011.06.12"]
[Round "2"]
[White "Hoffmann, Dustin"]
[Black "Zimmer, Ketsarrin"]
[Result "0-1"]
[WhiteElo "1728"]
[BlackElo "1748"]
[PlyCount "82"]
[EventDate "2011.06.11"]
[EventType "swiss"]
[EventRounds "9"]
[EventCountry "GER"]
[SourceTitle "CBM 142 Extra"]
[Source "ChessBase"]
[SourceDate "2011.06.27"]
[SourceVersion "1"]
[SourceVersionDate "2011.06.27"]
[SourceQuality "1"]

1. e4 c5 2. Nf3 a6 3. d4 cxd4 4. Nxd4 Nf6 5. Nc3 e5 6. Nb3 Bb4 7. Bd3 0-0 8. 0-0 Bxc3 9. bxc3 d5 10. Bg5 dxe4 11. Bxf6 Qxf6 12. Bxe4 Ra7 13. Rb1 b6 14. a4 Rc7 15. Qd2 Bd7 16. a5 b5 17. Rfe1 Rfc8 18. Re3 Nc6 19. Rf3 Qd8 20. Rd1 Bg4 21. Rd3 Qe8 22. f3 Be6 23. Bxc6 Rxc6 24. Rd8 Rxd8 25. Qxd8 Qf8 26. Rd3 f6 27. Nd2 Qxd8 28. Rxd8+ Kf7 29. Ne4 Ke7 30. Rb8 Bc8 31. g4 Kd7 32. g5 f5 33. Nf2 Kc7 34. Rb6 Rxb6 35. axb6+ Kxb6 36. Nd3 e4 37. Ne5 a5 38. c4 a4 39. cxb5 Kxb5 40. c4+ Kb4 41. Nc6+ Kxc4 0-1

[Event "GER-chA U25"]
[Site "Oberhof"]
[Date "2011.06.12"]
[Round "1"]
[White "Linnemann, Niklas"]
[Black "Hoffmann, Dustin"]
[Result "1-0"]
[WhiteElo "1847"]
[BlackElo "1728"]
[PlyCount "31"]
[EventDate "2011.06.11"]
[EventType "swiss"]
[EventRounds "9"]
[EventCountry "GER"]
[SourceTitle "CBM 142 Extra"]
[Source "ChessBase"]
[SourceDate "2011.06.27"]
[SourceVersion "1"]
[SourceVersionDate "2011.06.27"]
[SourceQuality "1"]

1. e4 c5 2. Nf3 Nc6 3. d4 cxd4 4. Nxd4 Nf6 5. Nc3 e5 6. Ndb5 d6 7. Bg5 a6 8. Na3 b5 9. Bxf6 gxf6 10. Nd5 Bg7 11. c3 Bb7 12. Nc2 Ne7 13. Nce3 0-0 14. Nxe7+ Qxe7 15. Nf5 Qe6 16. Qg4 1-0

[Event "GER-chT U14"]
[Site "Arendsee"]
[Date "2009.12.29"]
[Round "5.3"]
[White "Hoffmann, Dustin"]
[Black "Abrahamyan, Arsen"]
[Result "1-0"]
[WhiteElo "1471"]
[BlackElo "1599"]
[PlyCount "113"]
[EventDate "2009.12.27"]
[EventType "team-swiss"]
[EventRounds "7"]
[EventCountry "GER"]
[SourceTitle "EXT 2022"]
[Source "ChessBase"]
[SourceDate "2021.10.06"]
[SourceVersion "1"]
[SourceVersionDate "2021.10.06"]
[SourceQuality "1"]
[WhiteTeam "Merseburg U14"]
[BlackTeam "Frankfurt TV U14"]
[WhiteTeamCountry "GER"]
[BlackTeamCountry "GER"]

1. e4 c5 2. Nf3 Nc6 3. d4 cxd4 4. Nxd4 e5 5. Nb5 d6 6. N1c3 a6 7. Na3 b5 8. Nd5 Nf6 9. Bg5 Be7 10. Nxf6+ Bxf6 11. Bxf6 Qxf6 12. c3 0-0 13. Bd3 Be6 14. 0-0 Qg6 15. Nc2 Na5 16. Ne3 Nc4 17. Bxc4 bxc4 18. Nf5 Bxf5 19. exf5 Qf6 20. Qd5 Rac8 21. Rfd1 Rfd8 22. Qa5 Qxf5 23. Qxa6 d5 24. Qb5 Qe6 25. Rd2 d4 26. Rad1 d3 27. a4 e4 28. Qg5 h6 29. Qe3 f5 30. a5 Ra8 31. Ra1 Rf8 32. f3 f4 33. Qxe4 Qxe4 34. fxe4 Rfe8 35. Kf2 g5 36. Kf3 Re5 37. a6 Ra7 38. Ra4 Rc5 39. h4 Kg7 40. hxg5 hxg5 41. b4 Rb5 42. Rda2 Rb6 43. Ra5 Kg6 44. Kg4 Rd6 45. Rxg5+ Kh6 46. Ra1 Kh7 47. Rh1+ Rh6 48. Rxh6+ Kxh6 49. Rh5+ Kg6 50. b5 Rd7 51. Rh1 Kf6 52. b6 Ke5 53. Kf3 d2 54. Rd1 Rd3+ 55. Ke2 Kxe4 56. a7 Re3+ 57. Kxd2 1-0

[Event "Jena Schwarzer Baer op"]
[Site "Jena"]
[Date "2009.02.08"]
[Round "7"]
[White "Binder, Andreas"]
[Black "Hoffmann, Dustin"]
[Result "1/2-1/2"]
[WhiteElo "1634"]
[BlackElo "1323"]
[PlyCount "66"]
[EventDate "2009.02.04"]
[EventType "swiss"]
[EventRounds "7"]
[EventCountry "GER"]
[SourceTitle "EXT 2010"]
[Source "ChessBase"]
[SourceDate "2010.11.25"]
[SourceVersion "1"]
[SourceVersionDate "2010.11.25"]
[SourceQuality "1"]

1. f4 d5 2. Nf3 Nf6 3. e3 Bg4 4. Be2 Nbd7 5. b3 e6 6. Bb2 Bd6 7. 0-0 0-0 8. h3 Bf5 9. d3 c6 10. Nd4 Bg6 11. Nf3 Qc7 12. Nh4 a5 13. Nd2 a4 14. c4 a3 15. Bc3 b5 16. Rc1 b4 17. Ba1 Qb6 18. d4 c5 19. Nxg6 fxg6 20. Nf3 Ne4 21. Kh2 cxd4 22. Bxd4 Bc5 23. cxd5 Bxd4 24. Qxd4 Qxd4 25. Nxd4 exd5 26. Rc7 Ndf6 27. Nb5 Rac8 28. Rfc1 Rxc7 29. Rxc7 h5 30. g4 Rf7 31. Rc6 Kh7 32. g5 Ng8 33. Bxh5 Ne7 1/2-1/2